Introduction to mechanics of solids (Record no. 6446)

000 -LEADER
fixed length control field 00525nam a22001931 4500
001 - CONTROL NUMBER
control field 6446
003 - CONTROL NUMBER IDENTIFIER
control field BD-DhUET
008 - FIXED-LENGTH DATA ELEMENTS--GENERAL INFORMATION
fixed length control field 700820s1968 njua b 000 0 eng
040 ## - CATALOGING SOURCE
Original cataloging agency DLC
Transcribing agency DLC
Modifying agency BD-DhUET
082 00 - DEWEY DECIMAL CLASSIFICATION NUMBER
Classification number 620.11
Item number POP/1968
100 ## - MAIN ENTRY--PERSONAL NAME
Personal name Egor P. Popov
245 10 - TITLE STATEMENT
Title Introduction to mechanics of solids
250 ## - EDITION STATEMENT
Edition statement 1st ed.
260 ## - PUBLICATION, DISTRIBUTION, ETC. (IMPRINT)
Place of publication, distribution, etc. New Jersey
Name of publisher, distributor, etc. Prentice-Hall
Date of publication, distribution, etc. 1968
300 ## - PHYSICAL DESCRIPTION
Extent xix, 571p.
Other physical details illus.
490 0# - SERIES STATEMENT
Series statement Civil engineering and engineering mechanics series
650 #0 - SUBJECT ADDED ENTRY--TOPICAL TERM
Topical term or geographic name as entry element Strength of materials
942 ## - ADDED ENTRY ELEMENTS (KOHA)
Koha item type General Book
Holdings
Koha date last seen Koha out on loan Lost status Not for loan Koha issues (times borrowed) Koha normalized classification for sorting Damaged status Sublocation or collection (holding branch) Copy number Koha date last borrowed Koha full call number Withdrawn status Price effective from Piece designation (barcode) Koha item type Shelving location Date acquired Source of classification or shelving scheme Location (home branch)
2014-12-15    620_110000000000000_POP_1968 Central Library, BUET1 620.11/POP/1968 2014-12-1539984General BookCirculation section2014-12-15 Central Library, BUET
2025-11-302025-12-14  2620_110000000000000_POP_1968 Central Library, BUET22025-11-30620.11/POP/1968 2014-12-1540240General BookCirculation section2014-12-15 Central Library, BUET
2014-12-15    620_110000000000000_POP_1968 Central Library, BUET3 620.11/POP/1968 2014-12-1562168General BookCirculation section2014-12-15 Central Library, BUET
2025-04-20   7620_110000000000000_POP_1968 Central Library, BUET42024-03-19620.11/POP/1968 2014-12-1574505General BookCirculation section2014-12-15 Central Library, BUET
2015-06-29    620_110000000000000_POP_1968 Central Library, BUET5 620.11/POP/1968 2015-06-2942955Reading ItemReading section2015-06-29 Central Library, BUET